[Event "World Amateur-ch U2300"]
[Site "Muscat"]
[Date "2023.11.05"]
[Round "4"]
[White "Al Aqrabi, Saleh"]
[Black "Ababneh, Ghayth"]
[Result "1-0"]
[WhiteElo "2164"]
[BlackElo "2018"]
[PlyCount "127"]
[EventDate "2023.11.02"]
[EventType "swiss"]
[EventRounds "9"]
[EventCountry "OMN"]
[SourceTitle "CB46_2023"]
[SourceDate "2023.11.15"]
[SourceVersion "1"]
[SourceVersionDate "2023.11.15"]
[SourceQuality "1"]

1. d4 Nf6 2. Bf4 d6 3. e3 g6 4. h3 Bg7 5. c3 0-0 6. Nf3 Nbd7 7. Nbd2 b6 8. Be2 Bb7 9. 0-0 c5 10. Re1 Re8 11. Bh2 e5 12. dxe5 Nxe5 13. Nxe5 dxe5 14. Nc4 Ne4 15. f3 Ng5 16. Qxd8 Raxd8 17. h4 Ne6 18. Nxe5 Nf8 19. Nc4 Bd5 20. e4 Bxc4 21. Bxc4 Rd2 22. Re2 Red8 23. Bf4 Rxe2 24. Bxe2 Ne6 25. Be3 Be5 26. Kf2 Nf4 27. Bc4 Kg7 28. Rb1 Nh5 29. g4 Nf4 30. a4 h6 31. Ra1 a5 32. Rb1 g5 33. h5 Rd7 34. Bb5 Rd6 35. Bf1 Kf6 36. Ke1 Ne6 37. Rd1 Bg3+ 38. Ke2 Nf4+ 39. Bxf4 Bxf4 40. Rxd6+ Bxd6 41. Kd3 Ke5 42. Kc4 Bc7 43. Kb5 Kd6 44. Bc4 f6 45. Bg8 Bd8 46. Bh7 Kc7 47. Bg6 Be7 48. e5 fxe5 49. Kc4 Kd6 50. Kd3 Ke6 51. Bf5+ Kd6 52. Ke4 Bf8 53. Bh7 Ke6 54. Bg8+ Kf6 55. Kd5 c4 56. Kxc4 Bc5 57. b4 axb4 58. cxb4 Bf2 59. Kd5 Be1 60. Kc6 Bf2 61. a5 bxa5 62. bxa5 e4 63. fxe4 Ke5 64. Bh7 1-0

[Event "Sarajevo Bosna op 48th"]
[Site "Sarajevo"]
[Date "2018.05.09"]
[Round "7"]
[White "Strinic, Halid"]
[Black "Ababneh, Ghayth"]
[Result "0-1"]
[WhiteElo "2133"]
[BlackElo "2006"]
[PlyCount "82"]
[EventDate "2018.05.05"]
[EventType "swiss"]
[EventRounds "9"]
[EventCountry "BIH"]
[SourceTitle "CBM 184 Extra"]
[Source "ChessBase"]
[SourceDate "2018.06.28"]
[SourceVersion "1"]
[SourceVersionDate "2018.06.28"]
[SourceQuality "1"]

1. c4 g6 2. Nc3 Bg7 3. Nf3 d6 4. g3 e5 5. Bg2 f5 6. d3 Nf6 7. e4 Nc6 8. 0-0 0-0 9. Nh4 f4 10. gxf4 Nxe4 11. Nxe4 Qxh4 12. fxe5 Bxe5 13. Ng3 Nd4 14. Be3 Bg4 15. f3 Bxf3 16. Bxf3 Bxg3 17. Bd5+ Kh8 18. Qd2 Be5 19. Bxb7 Rab8 20. Rxf8+ Rxf8 21. Qg2 Qh5 22. Kh1 Nf5 23. Bf2 Nh6 24. Bg1 Nf5 25. Bf2 Bxb2 26. Rf1 Bg7 27. Bf3 Qh6 28. Bxa7 c5 29. Be2 Be5 30. Rf3 Qc1+ 31. Rf1 Qh6 32. Rf3 Qc1+ 33. Rf1 Qh6 34. Rf3 Qh4 35. Bb6 Rb8 36. Bf1 Rxb6 37. Rh3 Qe1 38. Qa8+ Kg7 39. Qa7+ Kf6 40. Rf3 Qh4 41. h3 Rb2 0-1

[Event "Sarajevo Bosna op 48th"]
[Site "Sarajevo"]
[Date "2018.05.06"]
[Round "2"]
[White "Ababneh, Ghayth"]
[Black "Bies, Brian"]
[Result "1-0"]
[WhiteElo "2006"]
[BlackElo "1610"]
[PlyCount "53"]
[EventDate "2018.05.05"]
[EventType "swiss"]
[EventRounds "9"]
[EventCountry "BIH"]
[SourceTitle "CBM 184 Extra"]
[Source "ChessBase"]
[SourceDate "2018.06.28"]
[SourceVersion "1"]
[SourceVersionDate "2018.06.28"]
[SourceQuality "1"]

1. e4 d5 2. exd5 Qxd5 3. Nc3 Qa5 4. d4 Nf6 5. Nf3 Bg4 6. h3 Bf5 7. Ne5 Nbd7 8. Nc4 Qa6 9. Bf4 Qe6+ 10. Be2 c6 11. 0-0 g5 12. Bh2 Ne4 13. Nxe4 Bxe4 14. Re1 0-0-0 15. Bd3 f5 16. f3 Nf6 17. fxe4 fxe4 18. Be2 h5 19. c3 Bg7 20. Qa4 Nd5 21. Qxa7 Nf4 22. Nb6+ Kc7 23. Qa5 Kb8 24. Qxg5 Bh6 25. Bxf4+ Rd6 26. Bxd6+ exd6 27. Qxh5 1-0

[Event "Sarajevo Bosna op 48th"]
[Site "Sarajevo"]
[Date "2018.05.05"]
[Round "1"]
[White "Diermair, Andreas"]
[Black "Ababneh, Ghayth"]
[Result "1-0"]
[WhiteElo "2504"]
[BlackElo "2006"]
[PlyCount "93"]
[EventDate "2018.05.05"]
[EventType "swiss"]
[EventRounds "9"]
[EventCountry "BIH"]
[SourceTitle "CBM 184 Extra"]
[Source "ChessBase"]
[SourceDate "2018.06.28"]
[SourceVersion "1"]
[SourceVersionDate "2018.06.28"]
[SourceQuality "1"]

1. Nf3 Nf6 2. c4 d6 3. d4 g6 4. Nc3 Bg7 5. e4 0-0 6. Be2 e5 7. 0-0 Nc6 8. d5 Ne7 9. b4 Ne8 10. a4 f5 11. Nd2 Nf6 12. Ba3 fxe4 13. Ndxe4 Nxe4 14. Nxe4 Nf5 15. c5 Qh4 16. Bd3 dxc5 17. bxc5 c6 18. g3 Qd8 19. Bc4 Nd4 20. d6+ Kh8 21. f3 Bh3 22. Rf2 Bf5 23. Raa2 Qd7 24. a5 Bh6 25. Qd3 Be6 26. f4 Bxc4 27. Qxc4 Qg4 28. Bb2 Bg7 29. Bxd4 exd4 30. Ng5 Bf6 31. Ne4 Bg7 32. Rae2 Qf5 33. Ng5 Bf6 34. Nf7+ Kg7 35. Ne5 d3 36. Nxd3 b5 37. Qe4 Qxe4 38. Rxe4 Bc3 39. a6 Rab8 40. Re7+ Rf7 41. Rfe2 b4 42. Rxf7+ Kxf7 43. Re7+ Kf6 44. Rxa7 Rb5 45. Rb7 Ra5 46. a7 b3 47. d7 1-0

[Event "World Amateur-ch U2300"]
[Site "Cagliari"]
[Date "2018.04.26"]
[Round "6"]
[White "Privitera, Franco"]
[Black "Ababneh, Ghayth"]
[Result "1-0"]
[WhiteElo "2007"]
[BlackElo "2006"]
[PlyCount "111"]
[EventDate "2018.04.22"]
[EventType "swiss"]
[EventRounds "9"]
[EventCountry "ITA"]
[SourceTitle "CBM 184 Extra"]
[Source "ChessBase"]
[SourceDate "2018.06.28"]
[SourceVersion "1"]
[SourceVersionDate "2018.06.28"]
[SourceQuality "1"]

1. c4 g6 2. Nc3 Bg7 3. d4 Nf6 4. e4 d6 5. f3 0-0 6. Be3 c5 7. Nge2 Nc6 8. Qd2 h5 9. 0-0-0 cxd4 10. Nxd4 Nxd4 11. Bxd4 Be6 12. Kb1 a6 13. Nd5 Nd7 14. Bxg7 Kxg7 15. Nf4 Ne5 16. Nxe6+ fxe6 17. f4 Nc6 18. g4 hxg4 19. Rg1 Qa5 20. Qe3 Qc5 21. Qc3+ e5 22. Rxg4 Qf2 23. f5 Rf6 24. Rg2 Qf4 25. Bd3 Rh8 26. Rf1 Qe3 27. Rg3 Qd4 28. Qd2 e6 29. Rfg1 Rh6 30. Qg2 Nb4 31. Be2 Qd2 32. a3 Qc2+ 33. Ka1 Nc6 34. Rc3 Qa4 35. c5 exf5 36. exf5 Qf4 37. Rg3 e4 38. Rf1 Qe5 39. cxd6 Rxd6 40. Bc4 Qd4 41. Be6 Qf6 42. Qxe4 Rd2 43. Rb1 Rdxh2 44. Bd5 Ne7 45. Be6 R2h3 46. Rbg1 Rxg3 47. Rxg3 Nc6 48. Qg2 a5 49. Rd3 Qh4 50. Rd7+ Ne7 51. Bd5 b5 52. Qe2 Kf8 53. Qe6 Rh7 54. Rd8+ Kg7 55. Rg8+ Kh6 56. Rxg6+ 1-0

[Event "World Amateur-ch U2300"]
[Site "Cagliari"]
[Date "2018.04.23"]
[Round "3"]
[White "Ababneh, Ghayth"]
[Black "Janiszewski, Maciej"]
[Result "0-1"]
[WhiteElo "2006"]
[BlackElo "2129"]
[PlyCount "78"]
[EventDate "2018.04.22"]
[EventType "swiss"]
[EventRounds "9"]
[EventCountry "ITA"]
[SourceTitle "CBM 184 Extra"]
[Source "ChessBase"]
[SourceDate "2018.06.28"]
[SourceVersion "1"]
[SourceVersionDate "2018.06.28"]
[SourceQuality "1"]

1. e4 d5 2. exd5 Nf6 3. d4 Bg4 4. f3 Bf5 5. Bb5+ Nbd7 6. Nc3 a6 7. Ba4 b5 8. Bb3 Nb6 9. Nge2 Nfxd5 10. Nxd5 Nxd5 11. Ng3 Bg6 12. 0-0 e6 13. f4 c5 14. c4 Nb6 15. f5 exf5 16. Re1+ Be7 17. Qe2 bxc4 18. dxc5 cxb3 19. cxb6 Qxb6+ 20. Be3 Qe6 21. Qf2 0-0 22. Bg5 Bxg5 23. Rxe6 fxe6 24. axb3 f4 25. Ne2 e5 26. Nc3 f3 27. gxf3 Bh5 28. Qc5 Bxf3 29. Rf1 Rae8 30. Ne4 Bd8 31. Nd6 Re6 32. Rxf3 Rxf3 33. Qd5 Rff6 34. Nc4 Bc7 35. Qd7 Bb6+ 36. Kg2 Rf2+ 37. Kh3 Rh6+ 38. Kg3 Rg6+ 39. Kh4 Rxh2+ 0-1

[Event "Golden Sands Europe op 3rd"]
[Site "Golden Sands"]
[Date "2014.06.12"]
[Round "3"]
[White "Ababneh, Ghayth"]
[Black "Silivri, Volkan Resat"]
[Result "1-0"]
[WhiteElo "2025"]
[BlackElo "1677"]
[PlyCount "43"]
[EventDate "2014.06.10"]
[EventType "swiss"]
[EventRounds "9"]
[EventCountry "BUL"]
[SourceTitle "CBM 160 Extra"]
[Source "ChessBase"]
[SourceDate "2014.07.01"]
[SourceVersion "1"]
[SourceVersionDate "2014.07.01"]
[SourceQuality "1"]

1. Nf3 Nf6 2. d4 d6 3. c4 g6 4. Nc3 Bg7 5. g3 0-0 6. Bg2 c5 7. 0-0 Nc6 8. d5 Nb8 9. Bg5 Nbd7 10. Qd2 a6 11. Rad1 Qa5 12. a4 Nb6 13. b3 Qb4 14. Qc2 Nbd7 15. Ne1 h6 16. Bd2 Qb6 17. e4 Ng4 18. h3 Ngf6 19. Kh2 e6 20. dxe6 fxe6 21. Nd3 Kh7 22. f4 1-0

[Event "JOR-ch sf"]
[Site "Amman"]
[Date "2009.04.03"]
[Round "7"]
[White "Ababneh, Ghayth"]
[Black "Al Jada, Ghaleb"]
[Result "0-1"]
[WhiteElo "2024"]
[BlackElo "2054"]
[PlyCount "56"]
[EventDate "2009.03.26"]
[EventType "swiss"]
[EventRounds "9"]
[EventCountry "JOR"]
[SourceTitle "EXT 2022"]
[Source "ChessBase"]
[SourceDate "2021.10.06"]
[SourceVersion "1"]
[SourceVersionDate "2021.10.06"]
[SourceQuality "1"]

1. e4 c6 2. d4 d5 3. Nc3 dxe4 4. Nxe4 Nd7 5. Nf3 Ngf6 6. Bd3 Nxe4 7. Bxe4 g6 8. 0-0 Bg7 9. c3 0-0 10. Re1 Nb6 11. Bg5 Be6 12. Bc2 Re8 13. a4 a5 14. Qc1 Rc8 15. Bh6 Bd5 16. Bxg7 Kxg7 17. Ne5 Nc4 18. Ng4 Qd7 19. Qh6+ Kg8 20. Qg5 Be6 21. Nh6+ Kg7 22. Bb3 Qd5 23. Re5 f6 24. Bxc4 Qxc4 25. Qe3 fxe5 26. g4 e4 27. f4 Qd3 28. Qc1 Qf3 0-1